000 00308nam a22001337a 4500
008 170502b xxu||||| |||| 00| 0 eng d
020 _a9781437755909
041 _aeng
080 _25 ED
_a343.9
100 _a13
101 _aSHJ
245 _aETHICS IN CRIMINAL JUSTICE
_cSOURYAL.S.S
942 _2udc
_cBK
999 _c12445
_d12445